Odysea od Pepsi k Apple

Uložené v:
Podrobná bibliografia
Hlavný autor: Sculley, John
Ďalší autori: Byrne, John A., Dvořáková, Daria
Médium: Kniha
Jazyk:Czech
Vydavateľské údaje: Praha Management Press 1994
Vydanie:1. vyd.
Predmet:
Tagy: Pridať tag
Žiadne tagy, Buďte prvý, kto otaguje tento záznam!

MARC

LEADER 00000nam a2200000 4500
001 c005877
005 20221205140853.5
020 |a 80-85603-51-9 
041 0 |a cze 
044 |a CZ 
245 1 0 |a Odysea od Pepsi k Apple  |c John Sculley, John A. Byrne ; [Z angl. prel.] Daria Dvořáková 
250 |a 1. vyd. 
264 1 |a Praha  |b Management Press  |c 1994 
300 |a 400 s. 
610 2 0 |a marketing 
610 2 0 |a manažment 
610 2 0 |a manažéri 
610 2 0 |a informácie 
610 2 0 |a firmy 
610 2 0 |a John Sculley 
610 2 0 |a Apple 
610 2 0 |a Pepsi-Cola 
100 1 |a Sculley, John 
700 1 |a Byrne, John A. 
700 1 |a Dvořáková, Daria